|
|
|
|
| LEADER |
01856nam a2200421 i 4500 |
| 001 |
EBC5216301 |
| 003 |
MiAaPQ |
| 005 |
20200520144314.0 |
| 006 |
m o d | |
| 007 |
cr cnu|||||||| |
| 008 |
180205t20172017ne ab o b 001 0 eng d |
| 020 |
|
|
|z 9789462981690
|
| 020 |
|
|
|a 9789048531356 (e-book)
|
| 035 |
|
|
|a (MiAaPQ)EBC5216301
|
| 035 |
|
|
|a (Au-PeEL)EBL5216301
|
| 035 |
|
|
|a (CaPaEBR)ebr11496569
|
| 035 |
|
|
|a (OCoLC)1018944972
|
| 040 |
|
|
|a MiAaPQ
|b eng
|e rda
|e pn
|c MiAaPQ
|d MiAaPQ
|
| 050 |
|
4 |
|a HN18.3
|b .G563 2017
|
| 082 |
0 |
|
|a 306
|2 23
|
| 245 |
0 |
0 |
|a Global diffusion of protest :
|b riding the protest wave in the neoliberal crisis /
|c edited by Donatella della Porta.
|
| 264 |
|
1 |
|a Amsterdam, [The Netherlands] :
|b Amsterdam University Press,
|c 2017.
|
| 264 |
|
4 |
|c 2017
|
| 300 |
|
|
|a 1 online resource (264 pages) :
|b illustrations, maps.
|
| 336 |
|
|
|a text
|2 rdacontent
|
| 337 |
|
|
|a computer
|2 rdamedia
|
| 338 |
|
|
|a online resource
|2 rdacarrier
|
| 490 |
1 |
|
|a Protest and Social Movements
|
| 504 |
|
|
|a Includes bibliographical references and index.
|
| 588 |
|
|
|a Description based on print version record.
|
| 590 |
|
|
|a Electronic reproduction. Ann Arbor, MI : ProQuest, 2016. Available via World Wide Web. Access may be limited to ProQuest affiliated libraries.
|
| 650 |
|
0 |
|a Protest movements
|y 21st century.
|
| 655 |
|
4 |
|a Electronic books.
|
| 700 |
1 |
|
|a Porta, Donatella della,
|e editor.
|
| 776 |
0 |
8 |
|i Print version:
|t Global diffusion of protest : riding the protest wave in the neoliberal crisis.
|d Amsterdam, [The Netherlands] : Amsterdam University Press, c2017
|h approximately 264 pages
|k Protest and social movements.
|z 9789462981690
|w 2017466112
|
| 797 |
2 |
|
|a ProQuest (Firm)
|
| 830 |
|
0 |
|a Protest and social movements.
|
| 856 |
4 |
0 |
|u https://ebookcentral.proquest.com/lib/matrademy/detail.action?docID=5216301
|z Click to View
|